000 00337nam a2200133Ia 4500
005 20260328104250.0
008 260328s9999||||xx |||||||||||||| ||und||
100 _aEscala
245 0 _aViviendo y Construyendo :
_bla necesidad propone el reCurso /
_cEscala
260 _bEscala
300 _a298 p.
650 _aVIVIENDA
942 _cBK
999 _c10221
_d10221